[Mierové operácie vybraných organizácií medzinárodného krízového manažmentu]
Recenzia na monografiu, ktorá sa venuje najmä problémom obrany a bezpečnosti na národnej i medzinárodnej úrovni, otázkami globalizácie, financovania obrany a ozbrojených síl, ako aj problematikou medzinárodného krízového manažmentu.
Saved in:
| Main Author: | |
|---|---|
| Format: | Book Chapter |
| Language: | Slovak |
| Subjects: | |
| Tags: |
No Tags, Be the first to tag this record!
|
MARC
| LEADER | 00000nla a2200000 4500 | ||
|---|---|---|---|
| 001 | 0185395 | ||
| 005 | 20240502073158.0 | ||
| 041 | 0 | |a slo | |
| 044 | |a SK | ||
| 245 | 1 | 0 | |a [Mierové operácie vybraných organizácií medzinárodného krízového manažmentu] |c Daša Adašková |
| 520 | |a Recenzia na monografiu, ktorá sa venuje najmä problémom obrany a bezpečnosti na národnej i medzinárodnej úrovni, otázkami globalizácie, financovania obrany a ozbrojených síl, ako aj problematikou medzinárodného krízového manažmentu. | ||
| 610 | 2 | 0 | |a recenzie |
| 610 | 2 | 0 | |a manažment krízový |
| 610 | 2 | 0 | |a bezpečnosť medzinárodná |
| 100 | 1 | |a Adašková, Daša | |